Finančno - ekonomická analýza podniku

Guardado en:
Detalles Bibliográficos
Autores principales: Zalai, Karol (Autor), Dávid, Arnold (Autor), Kalafutová, Ľudmila (Autor), Šnircová, Jana, 1971- (Autor)
Otros Autores: Královič, Jozef (Revisador), Korauš, Anton (Revisador)
Formato: Libro
Lenguaje:eslovaco
Publicado: Bratislava : Sprint, 2008
Edición:6. rozšírené vyd.
Materias:
Etiquetas: Agregar Etiqueta
Sin Etiquetas, Sea el primero en etiquetar este registro!

MARC

LEADER 00000nam a22000003a 4500
001 stu165652
005 20221212122503.2
008 080623s2008----xo------------------slo-d
020 |a 978-80-89085-99-6 
040 |a STU  |b slo 
041 0 |a slo 
044 |a xo 
080 |a 339.72.015 
080 |a 65.012.12 
100 1 |a Zalai, Karol  |4 aut  |9 38 
245 1 |a Finančno - ekonomická analýza podniku 
250 |a 6. rozšírené vyd. 
260 |a Bratislava :  |b Sprint,  |c 2008 
300 |a 385 s  |c 1 CD-ROM 
650 7 |a analýza finančno-ekonomická  |2 stusub 
700 1 |a Dávid, Arnold  |4 aut  |9 1 
700 1 |a Kalafutová, Ľudmila  |4 aut  |9 34 
700 1 |a Šnircová, Jana,  |d 1971-  |4 aut  |u M4000  |9 27  |U MTF Materiálovotechnologická fakulta  |T MTF Ústav priemyselného inžinierstva a manažmentu  |X 57371  |U M4000  |Y 84  |7 A000057371 
700 1 |a Královič, Jozef  |4 rev 
700 1 |a Korauš, Anton  |4 rev 
996 |b 284M067925  |c M*12326-9  |l MMKN  |s A  |a 24  |w stu165652_0001 
996 |b 284J034132  |c J*109932  |l JJST  |s P  |a 0  |w stu165652_0003 
996 |b 284J034133  |c J*109933  |l JJST  |s P  |a 0  |w stu165652_0004 
996 |b 284M067933  |c M*CD-1277  |l MMKN  |s A  |a 24  |w stu165652_0005 
996 |b 284M067934  |c M*CD-1278  |l MMKN  |s A  |a 24  |w stu165652_0006 
996 |b 284M067935  |c M*CD-1279  |l MMKN  |s A  |a 24  |w stu165652_0007 
996 |b 284M067936  |c M*CD-1280  |l MMKN  |s A  |a 24  |w stu165652_0008 
996 |b 284M067922  |c M*12326-6  |l MMKN  |s A  |a 24  |w stu165652_0010 
996 |b 284M067919  |c M*12326-3  |l MMKN  |s A  |a 24  |w stu165652_0011 
996 |b 284M067920  |c M*12326-4  |l MMKN  |s A  |a 24  |w stu165652_0012 
996 |b 284M067923  |c M*12326-7  |l MMKN  |s A  |a 24  |w stu165652_0013 
996 |b 284M067924  |c M*12326-8  |l MMKN  |s A  |a 24  |w stu165652_0014 
996 |b 284M067926  |c M*12326-10  |l MMKN  |s A  |a 24  |w stu165652_0015 
996 |b 284M067928  |c M*CD-1272  |l MMKN  |s A  |a 24  |w stu165652_0016 
996 |b 284M067929  |c M*CD-1273  |l MMKN  |s A  |a 24  |w stu165652_0017 
996 |b 284M067930  |c M*CD-1274  |l MMKN  |s A  |a 24  |w stu165652_0018 
996 |b 284M067931  |c M*CD-1275  |l MMKN  |s A  |a 24  |w stu165652_0019 
996 |b 284M067917  |c M*12326-1  |l MMKN  |s A  |a 24  |w stu165652_0020 
996 |b 284M067918  |c M*12326-2  |l MMKN  |s A  |a 24  |w stu165652_0021 
996 |b 284M067927  |c M*CD-1271  |l MMKN  |s A  |a 24  |w stu165652_0022